| 000 | 00834nam a22002177a 4500 | ||
|---|---|---|---|
| 999 |
_c20288 _d20288 |
||
| 003 | AR-CdUCM | ||
| 008 | 190528b ||||| |||| 00| 0 spa d | ||
| 040 |
_aMUNICIPALIDAD PROVINCIAL DEL CUSCO _cBIBLIOTECA MUNICIPAL DEL CUSCO |
||
| 041 | _heng | ||
| 082 |
_a621.815 / _bR75 |
||
| 100 |
_aRogers, William W. _942402 |
||
| 245 | _aInterpretación del dibujo mecánico / | ||
| 260 |
_aMéxico, D.F : _bCentro Regional de Ayuda Técnica, _c1973. |
||
| 300 |
_a135 páginas ; _bPlanos, Ilustraciones _c28 cm. |
||
| 505 | _aContenido: Como interpretar el dibujo mecánico -- Dibujos en tres vistas: superficies horizontal y vertical -- Dibujos en tres vistas: superficies inclinadas... | ||
| 650 |
_aDibujo _913086 |
||
| 650 |
_aEscalas _96301 |
||
| 700 |
_aWelton, Paul L. _942403 |
||
| 942 |
_2ddc _cLIBROS |
||
| 945 |
_adavv _d2019-05-28 |
||